| 000 | 00725nam a2200241 a 4500 | ||
|---|---|---|---|
| 005 | 20210219153042.0 | ||
| 008 | 991125n 000 0 u | ||
| 035 | _aUPN01000074841 | ||
| 100 | _aSimsek, Ali | ||
| 222 | _aINTERNATIONAL JOURNAL OF INSTRUCTIONAL MEDIA | ||
| 245 | _aThe effects of cooperative versus individual videodisc learning on student performance and attitudes | ||
| 300 | _a209-218 | ||
| 362 | _a19, No. 3, 1992 | ||
| 505 | _aJunio 1993 | ||
| 653 | 0 | _aAPRENDIZAJE COOPERATIVO | |
| 653 | 0 | _aENSE\197ANZA INDIVIDUALIZADA | |
| 653 | 0 | _aINSTRUCCION CIENTIFICA | |
| 653 | 0 | _aVIDEO INTERACTIVO | |
| 653 | 0 | _aVIDEODISCOS | |
| 700 | _aHooper, Simon | ||
| 904 |
_aAC _b012652 |
||
| 905 | _aArticulo | ||
| 999 |
_c67169 _d67169 |
||